|
|
|
|
| LEADER |
02029njm a2200553 a 4500 |
| 001 |
000455241 |
| 003 |
CZ BrMZK |
| 005 |
20201124094811.0 |
| 008 |
980105s1997 xr f cze d |
| 028 |
0 |
3 |
|a SPK 005 4331
|b Spino
|
| 040 |
|
|
|a BOA001
|b cze
|
| 080 |
|
|
|a 788.085(086.7)
|2 MRF
|
| 110 |
2 |
|
|a Keramička (hudební skupina)
|7 ko2004264169
|
| 245 |
1 |
0 |
|a Domove, domove
|h [zvukový záznam] /
|c Keramička.
|
| 246 |
3 |
3 |
|a Když jsem šel v Praze po rynku
|
| 246 |
3 |
3 |
|a Kominíček
|
| 246 |
3 |
3 |
|a Letní sen
|
| 246 |
3 |
3 |
|a Maminčiny pohádky
|
| 246 |
3 |
3 |
|a Mládenec se vrací
|
| 246 |
3 |
3 |
|a Neříkej
|
| 246 |
3 |
3 |
|a Ořešina
|
| 246 |
3 |
3 |
|a Sněhová hvězdička
|
| 246 |
3 |
3 |
|a Ta naše kovárna
|
| 246 |
3 |
3 |
|a To tílko sošky
|
| 246 |
3 |
3 |
|a V krásném údolí
|
| 246 |
3 |
3 |
|a Zahrada snů
|
| 246 |
3 |
3 |
|a Domove, domove
|
| 246 |
3 |
3 |
|a Hledám galánečku
|
| 260 |
|
|
|a Sezimovo Ústí :
|b Spino,
|c 1997
|
| 300 |
|
|
|a 1 MC :
|b stereo +
|e 1 složený list.
|
| 306 |
|
|
|a 004135
|
| 500 |
|
|
|a Nahr. 1997
|
| 500 |
|
|
|a Durata 41:35
|
| 505 |
2 |
|
|a Když jsem šel v Praze po rynku, V krásném údolí, Letní sen ... [et al.]
|
| 511 |
0 |
|
|a Drahomíra Vránková, zpěv; Helena Hýnová, zpěv; Josef Dušek, zpěv ... [et al.]
|
| 653 |
0 |
|
|a lidové písně
|a malý dechový orchestr
|a písně s dechovým orchestrem
|
| 700 |
1 |
|
|a Hájek, Jaroslav,
|d 1944-
|7 mzk2005290040
|4 lyr
|
| 700 |
1 |
|
|a Hýnová, Helena,
|c zpěvačka
|4 prf
|
| 700 |
1 |
|
|a Králová, Jana,
|d 1918-
|4 lyr
|
| 700 |
1 |
|
|a Pecha, Antonín,
|d 1959-
|7 mzk2005290039
|4 cmp
|
| 700 |
1 |
|
|a Rosická, Alice
|7 mzk2014852966
|4 lyr
|
| 700 |
1 |
|
|a Soukup, František,
|d 1915-2002
|7 jk01120526
|4 cmp
|4 lyr
|
| 700 |
1 |
|
|a Suda, Vladislav,
|d 1962-
|7 mzk2006363764
|4 cmp
|4 lyr
|
| 700 |
1 |
|
|a Blažek, Karel,
|d 1921-
|7 xx0006038
|4 cmp
|4 lyr
|
| 700 |
1 |
|
|a Dušek, Josef
|7 mzk2003187647
|4 prf
|
| 910 |
|
|
|a BOA001
|b KZ-0007.949
|
| 964 |
|
|
|a Orchestr dechový
|x MC
|
| 990 |
|
|
|a AV
|
| 996 |
6 |
|
|b 261H008529
|c KZ-0007.949
|l MZK
|r Sklad / do 24 hodin
|n 0
|p p.v.
|w 000455241
|u 000010
|a 1
|e BOA001
|j MZK50
|s P
|